Oceania by Capital Quiz Stats

 Plays Quiz Updated Nov 23, 2018

     
Support Sporcle.
Go Orange.
Score 0/14 Timer 03:00
0 Plays Today
Capital Country % Correct
WellingtonNew Zealand
96.6%
CanberraAustralia
96.2%
SuvaFiji
82.7%
Port MoresbyPapua New Guinea
78.6%
ApiaSamoa
75.4%
Nuku ĽalofaTonga
71.2%
FunafutiTuvalu
70.1%
Capital Country % Correct
Port VilaVanuatu
69.3%
HoniaraSolomon Islands
68.2%
YarenNauru
67.4%
MajuroMarshall Islands
67.4%
PalikirMicronesia
66.5%
NgerulmudPalau
66.3%
TarawaKiribati
65.8%

From the Vault

Images That End in 'X'

by MrChewypoo

X is such a strong looking letter, we definitely wouldn't want to mess with X.
Remove Ads.
Support Sporcle.
Get the best of Sporcle when you Go Orange. This ad-free experience offers more features, more stats, and more fun while also helping to support Sporcle. Thank you for becoming a member.

Show Comments

Extras

Top Quizzes Today


Score Distribution

Your Account Isn't Verified!

In order to create a playlist on Sporcle, you need to verify the email address you used during registration. Go to your Sporcle Settings to finish the process.

Report this User

Report this user for behavior that violates our Community Guidelines.

Details: